000 00709nam a2200217 a 4500
999 _c1336
_d1336
001 1336
003 BD-JhCC
005 20171018110020.0
008 171018s1990 bg |||| ||a| 000 0 ben d
035 _a(BD-JhCC)1336
040 _aBD-JhCC
_dBD-JhCC
041 _aben
082 _a891.443
_bSHA 1990
100 _aশেলী, মীজানূর রহমান
245 _aঅলীক আত্মীয় /
_cমীজানূর রহমান শেলী
260 _aঢাকা :
_bএকাডেমিক প্রেস এন্ড পাবলিশার্স লি,
_c1990.
300 _a159 p. ;
_c22 cm.
650 _aBengali Literature
942 _2ddc
_cBK